000 00471nam a2200169Ia 4500
008 190805s9999||||xx |||||||||||||| ||und||
020 _a9788110003586
_cRs. 400.00
082 0 4 _a623.89
_bSa741
100 1 _aSarma, P. M.
245 1 0 _aPrinciples of Navigation /
_cP. M. Sarma
250 _a5th ed.
260 _aMumbai :
_bBhandarkar publications,
_c2012
300 _aix, 241 p.
_b : ill.
_c; 26 cm.
650 0 _aNavigation
942 _cBK
999 _c256
_d256